LEADER 00902nam0 22002651i 450 001 RML0252852 005 20231121125711.0 010 $a8813193963 100 $a20121121d1995 ||||0itac50 ba 101 | $aita 102 $ait 181 1$6z01$ai $bxxxe 182 1$6z01$an 200 1 $a˜La œprova nel processo penale 210 $aPadova $cCedam $d1995 606 $aDiritto processuale penale$2FIR$3RMLC150734$9I 700 1$aRamajoli$b, Sergio$3RMLV163663$0232616 801 3$aIT$bIT-01$c20121121 850 $aIT-FR0098 899 $aBiblioteca Area Giuridico Economica$bFR0098 912 $aRML0252852 950 0$aBiblioteca Area Giuridico Economica$d 53DSG 13/0242$e 53VM 0000237415 VM barcode:BAGE013227. - Inventario:3978VM$fA $h20010423$i20121204 977 $a 53 996 $aProva nel processo penale$9640441 997 $aUNICAS